A Motorola pénzügyi válságának ismertetése, a cég Google, majd Lenovo általi felvásárlásának elemzése a vállalatértékelés módszertanával

Bibliográfiai részletek
Szerző: Sohajda László
További közreműködők: Harsányi Dr. Gergely
Dokumentumtípus: Diplomadolgozat
Kulcsszavak:vállalatértékelés
Válságkezelés
akvizíció
Online Access:http://dolgozattar.uni-bge.hu/9167

MARC

LEADER 00000nta a2200000 i 4500
001 dolg9167
005 20161216091616.0
008 161216suuuu hu om 000 hun d
040 |a BGE Dolgozattár Repozitórium  |b hun 
041 |a hu 
100 1 |a Sohajda László 
245 1 2 |a A Motorola pénzügyi válságának ismertetése, a cég Google, majd Lenovo általi felvásárlásának elemzése a vállalatértékelés módszertanával  |c Sohajda László  |h [elektronikus dokumentum] 
695 |a vállalatértékelés 
695 |a Válságkezelés 
695 |a akvizíció 
700 1 |a Harsányi Dr. Gergely  |e ths 
856 4 0 |u http://dolgozattar.uni-bge.hu/9167/1/ebb6ub-sohajda-laszlo-szakdolgozat.pdf  |z Dokumentum-elérés